Mi clase de gimnasia / (Registro nro. 12661)

Detalles MARC
000 -LIDER
fixed length control field 00857nam a22002657a 4500
003 - IDENTIFICACDOR DE NÚMERO DE CONTROL
control field DO-SdBPM
005 - DATE AND TIME OF LATEST TRANSACTION
control field 20250124114440.0
008 - ELEMENTOS DE LONGITUD FIJA
fixed length control field 161031b2006 xx a 1 00| 0 spa d
020 ## - ISBN
International Standard Book Number 0765276593
040 ## - FUENTE DE CATALOGACIÓN
Agencia que crea de manera original el registro DO-SdBPM
Idioma de catalogación spa
Agencia que realiza la transcripción BPMSU
082 #4 - NÚMERO DE CLASIFICACIÓN DECIMAL DE DEWEY
Classification number 796.44
Item number C649m 2005
Edition number 22
100 1# - ASIENTO PRINCIPAL -- NOMBRE PERSONAL
Nombre personal Clyne, Margaret
245 10 - MENCIÓN DE TITULO
Título Mi clase de gimnasia /
Mención de responsabilidad Margaret Clyne, Rachel Griffiths
260 ## - PUBLICACIÓN, DISTRIBUCIÓN, ETC. (PIE DE IMPRENTA)
Lugar de publicación, distribución, etc Estados Unidos :
Nombre del editor, distribuidor, etc. Celebration Press,
-- Pearson Learning Group ,
Fecha de publicación, distribución, etc 2006.
300 ## - DESCRIPCIÓN FÍSICA
Extensión 8 p. :
Otros detalles físicos il. ;
Dimensiones 25 cm.
490 0# - MENCIÓN DE SERIES
Mención de serie iOpeners
500 ## - NOTA GENERAL
Nota general Consultor de desarrollo de programa (K-2) Nell Duke
590 ## - NOTA LOCAL
Texto de la nota local Inventariado, 2025/VM
650 #4 - ENCABEZAMIENTO DE MATERIA--TEMÁTICO
Término temático o nombre geográfico como elemento de entrada Gimnasia rítmica
650 #4 - ENCABEZAMIENTO DE MATERIA--TEMÁTICO
Término temático o nombre geográfico como elemento de entrada Educación física para niños
Fuente del encabezamiento o término
650 #4 - ENCABEZAMIENTO DE MATERIA--TEMÁTICO
Término temático o nombre geográfico como elemento de entrada Educación psicomotriz
700 1# - ASIENTO SECUNDARIO -- NOMBRE PERSONAL
Nombre personal Griffiths, Rachel
910 ## - VALIDACIÓN
Validación VMateo V. Control de calidad. BPMSUb
942 ## - ADDED ENTRY ELEMENTS (KOHA)
Source of classification or shelving scheme Dewey Decimal Classification
Koha item type Libros
Existencias
Withdrawn status Lost status Source of classification or shelving scheme Damaged status Not for loan Collection code Home library Current library Date acquired Source of acquisition Total Checkouts Full call number Barcode Date last seen Price effective from Koha item type Copy number
    Dewey Decimal Classification     Colección Infantil General Biblioteca Pública Metropolitana Salomé Ureña Biblioteca Pública Metropolitana Salomé Ureña 10/20/2017 Donado por el Despacho de la Primera Dama   BPMSU CGI 796.44 C649c 2006 BPMSU17100104 10/20/2017 10/20/2017 Libros  
    Dewey Decimal Classification     Colección Infantil General Biblioteca Pública Metropolitana Salomé Ureña Biblioteca Pública Metropolitana Salomé Ureña 10/20/2017 Donado por el Despacho de la Primera Dama   BPMSU CGI 796.44 C649c 2006 BPMSU17100105 10/20/2017 10/20/2017 Libros e.2
    Dewey Decimal Classification     Colección Infantil General Biblioteca Pública Metropolitana Salomé Ureña Biblioteca Pública Metropolitana Salomé Ureña 10/20/2017 Donado por el Despacho de la Primera Dama   BPMSU CGI 796.44 C649c 2006 BPMSU17100106 10/20/2017 10/20/2017 Libros e.3